Vedenie podvojného účtovníctva pre podnikateľské subjekty komplexný príklad
Gespeichert in:
| 1. Verfasser: | |
|---|---|
| Format: | Buch |
| Sprache: | Slowakisch |
| Veröffentlicht: |
Bratislava
ELITA
1999
|
| Schlagworte: | |
| Tags: |
Keine Tags, Fügen Sie das erste Tag hinzu!
|
MARC
| LEADER | 00000nam a2200000 4500 | ||
|---|---|---|---|
| 001 | c108184 | ||
| 005 | 20221102133020.8 | ||
| 020 | |a 80-8044-001-8 | ||
| 041 | 0 | |a slo | |
| 044 | |a SK | ||
| 245 | 1 | 0 | |a Vedenie podvojného účtovníctva pre podnikateľské subjekty |b komplexný príklad |c Ladislav Kareš |
| 264 | 1 | |a Bratislava |b ELITA |c 1999 | |
| 300 | |a 172 s. | ||
| 610 | 2 | 0 | |a účtovníctvo podvojné |
| 610 | 2 | 0 | |a podnikanie |
| 610 | 2 | 0 | |a podnikatelia |
| 610 | 2 | 0 | |a majetok |
| 610 | 2 | 0 | |a súvaha |
| 610 | 2 | 0 | |a zápisy účtovné |
| 610 | 2 | 0 | |a účty |
| 610 | 2 | 0 | |a účty výsledkové |
| 610 | 2 | 0 | |a účtovanie nákladov |
| 610 | 2 | 0 | |a výnosy |
| 610 | 2 | 0 | |a výsledok hospodársky |
| 610 | 2 | 0 | |a uzávierka účtovná |
| 610 | 2 | 0 | |a metodika |
| 610 | 2 | 0 | |a doklady účtovné |
| 610 | 2 | 0 | |a inventarizácia |
| 610 | 2 | 0 | |a výkazy účtovné |
| 610 | 2 | 0 | |a kalkulácia |
| 610 | 2 | 0 | |a oceňovanie |
| 610 | 2 | 0 | |a prípady účtovné |
| 610 | 2 | 0 | |a predpisy |
| 610 | 2 | 0 | |a knihy účtovné |
| 610 | 2 | 0 | |a zisk |
| 610 | 2 | 0 | |a strata |
| 610 | 2 | 0 | |a Slovensko |
| 100 | 1 | |a Kareš, Ladislav | |